Ciencia, orden y creatividad: las raíces creativas de la ciencia y la vida
Salvato in:
| Autore principale: | |
|---|---|
| Altri autori: | |
| Natura: | Libro |
| Lingua: | spagnolo |
| Pubblicazione: |
Barcelona
Kairos
1988
|
| Edizione: | 1a. ed |
| Soggetti: | |
| Tags: |
Aggiungi Tag
Nessun Tag, puoi essere il primo ad aggiungerne!!
|
MARC
| LEADER | 00000nam a2200000 a 4500 | ||
|---|---|---|---|
| 001 | UCY4704 | ||
| 003 | CL-VaPUC | ||
| 008 | 950327e19880000SP |||||||||||||||||spa|d | ||
| 020 | |a 8472451844 | ||
| 082 | 0 | 4 | |a 501 |b BOH |2 21 |
| 100 | 0 | |a Bohm, David |e author |9 333175 | |
| 700 | |a Peat, F. David |e autor |9 466281 | ||
| 245 | 1 | 0 | |a Ciencia, orden y creatividad: las raíces creativas de la ciencia y la vida |
| 250 | |a 1a. ed | ||
| 300 | |a 299 p | ||
| 942 | |c BK | ||
| 945 | |d 19950327 00:00:00 |a mfernand | ||
| 260 | |a Barcelona |b Kairos |c 1988 | ||
| 650 | 0 | |a Filosofía de las ciencias |9 256466 | |
| 650 | 7 | |a ORDEN |2 CL-VaPUC |9 333177 | |
| 583 | |a last modification |c 19950327 00:00:00 |k Rodrigo Vera | ||
| 999 | |c 232480 |d 232478 | ||
| 952 | |0 0 |1 0 |4 0 |6 501_000000000000000_BOH_1988 |7 0 |8 A |9 237016 |a BIBEDU |b BIBEDU |d 2019-11-15 |i 306932K |o 501 BOH 1988 |p 306932K |r 2019-11-15 |w 2019-11-15 |y BK |k EPE | ||
| 952 | |0 0 |1 0 |4 0 |6 501_000000000000000_BOH_1988 |7 0 |8 A |9 237017 |a BIBCUR |b BIBCUR |d 2019-11-15 |i 4528883 |o 501 BOH 1988 |p 4528883 |r 2025-04-22 |w 2019-11-15 |y BK |k FIS | ||